000
00271nam a22001217a 4500
008
180124b xxu||||| |||| 00| 0 eng d
041
_a
eng
080
_a
33
100
_a
52
101
_a
EKO
245
_a
The logic of economic discovery
_c
Fisher,R.M
942
_2
udc
_c
BK
999
_c
40862
_d
40862